Southville International School and Colleges
Your cart is empty.
  • Cart
  • Lists
    Public lists Eva Luna New books Lux_list list_1
    Your lists Log in to create your own lists
  • Log in to your account
  • Your cookies
  • Search history
Southville International School and Colleges
  • Advanced search
  • Recent comments
  • Most popular
  • Libraries

Log in to your account

Log in with GOOGLE


If you do not have an external account, but do have a local account, you can still log in:

  1. Home
  2. MARC view: Business plans that work :
Normal view MARC view ISBD view

Business plans that work : (Record no. 39096)

[ view plain ]
MARC details
000 -LEADER
fixed length control field 02598cam a22004577a 4500
001 - CONTROL NUMBER
control field 16542608
003 - CONTROL NUMBER IDENTIFIER
control field OSt
005 - DATE AND TIME OF LATEST TRANSACTION
control field 20140311162957.0
008 - FIXED-LENGTH DATA ELEMENTS--GENERAL INFORMATION
fixed length control field 101118s2011 nyua b 001 0 eng
010 ## - LIBRARY OF CONGRESS CONTROL NUMBER
LC control number 2010047482
020 ## - INTERNATIONAL STANDARD BOOK NUMBER
International Standard Book Number 9780071748834 (alk. paper)
040 ## - CATALOGING SOURCE
Original cataloging agency DLC
Transcribing agency DLC
042 ## - AUTHENTICATION CODE
Authentication code pcc
050 00 - LIBRARY OF CONGRESS CALL NUMBER
Classification number HD 30.28
Item number .T5766 2011
100 1# - MAIN ENTRY--PERSONAL NAME
Personal name Zacharakis, Andrew.
245 10 - TITLE STATEMENT
Title Business plans that work :
Remainder of title a guide for small business /
Statement of responsibility, etc Andrew Zacharakis, Stephen Spinelli, Jeffry A. Timmons.
260 ## - PUBLICATION, DISTRIBUTION, ETC. (IMPRINT)
Place of publication, distribution, etc New York :
Name of publisher, distributor, etc McGraw-Hill,
Date of publication, distribution, etc 2011.
300 ## - PHYSICAL DESCRIPTION
Extent viii, 197 p. :
Other physical details ill. ;
Dimensions 23 cm.
500 ## - GENERAL NOTE
General note Rev. ed. of: Business plans that work / Jeffry A. Timmons, Stephen Spinelli, Andrew Zacharakis. c2004.
504 ## - BIBLIOGRAPHY, ETC. NOTE
Bibliography, etc Includes bibliographical references and index.
505 0# - FORMATTED CONTENTS NOTE
Formatted contents note Entrepreneurs create the future -- Before you start planning, ask the right questions -- Getting started -- Industry : zoom lens on opportunity -- Company and product description : selling your vision -- Marketing plan : reaching the customer -- Operations and development : execution -- Team : the key to success -- The critical risks and offering plan sections -- Financial plan : telling your story in numbers.
520 ## - SUMMARY, ETC.
Summary, etc Business Plans That Work gives you an easy-to-follow template for conceptualizing, writing, focusing, and revising a business plan that converts your business idea into financial profit. --
520 ## - SUMMARY, ETC.
Summary, etc A virtual blueprint for entrepreneurial success, this new edition of the popular entrepreneur's guide provides all the tools you need to communicate the value of your idea to investors, attract key talent, and create a plan you can turn to throughout the entire process of starting and running a business. You'll learn how to: --
520 ## - SUMMARY, ETC.
Summary, etc Determine what to include in each plan, why, and for whom --
520 ## - SUMMARY, ETC.
Summary, etc Secure the capital you need to get the project off the ground --
520 ## - SUMMARY, ETC.
Summary, etc Assess opportunities and risks involved in your project --
520 ## - SUMMARY, ETC.
Summary, etc Avoid common pitfalls that cost money, time, and effort --Book Jacket.
521 ## - TARGET AUDIENCE NOTE
Target audience note
562 ## - COPY AND VERSION IDENTIFICATION NOTE
Number of copies for circulation. 2 copies available in the collection
650 #0 - SUBJECT ADDED ENTRY--TOPICAL TERM
Topical term or geographic name as entry element Business planning
650 #0 - SUBJECT ADDED ENTRY--TOPICAL TERM
Topical term or geographic name as entry element Small business.
650 #0 - SUBJECT ADDED ENTRY--TOPICAL TERM
Topical term or geographic name as entry element Entrepreneurship.
700 1# - ADDED ENTRY--PERSONAL NAME
Personal name Spinelli, Stephen.
700 1# - ADDED ENTRY--PERSONAL NAME
Personal name Timmons, Jeffry A.
700 1# - ADDED ENTRY--PERSONAL NAME
Personal name Timmons, Jeffry A.
Title of a work Business plans that work.
906 ## - LOCAL DATA ELEMENT F, LDF (RLIN)
a 7
b cbc
c origcop
d 2
e ncip
f 20
g y-gencatlg
942 ## - ADDED ENTRY ELEMENTS (KOHA)
Source of classification or shelving scheme Library of Congress Classification
Koha item type Books
Call number prefix Foreign
Holdings
Withdrawn status Lost status Source of classification or shelving scheme Damaged status Home library Current library Shelving location Date acquired Total Checkouts Full call number Barcode Date last seen Copy number Price effective from Koha item type
    Library of Congress Classification   College Library College Library General Circulation Section 12/09/2013   HD 30.28 .T5766 2011 C15324 05/15/2018 1 12/09/2013 Books

Business plans that work :

APA

Zacharakis A., Spinelli S., Timmons J. A. & Timmons J. A. (2011). Business plans that work. New York: McGraw-Hill.

Chicago

Zacharakis Andrew, Spinelli Stephen, Timmons Jeffry A and Timmons Jeffry A. 2011. Business plans that work. New York: McGraw-Hill.

Harvard

Zacharakis A., Spinelli S., Timmons J. A. and Timmons J. A. (2011). Business plans that work. New York: McGraw-Hill.

MLA

Zacharakis Andrew, Spinelli Stephen, Timmons Jeffry A and Timmons Jeffry A. Business plans that work. New York: McGraw-Hill. 2011.

  • Place hold
  • Print
  • Cite
  • Add to your cart (remove)
  • Save record
    BIBTEX Dublin Core MARCXML MARC (non-Unicode/MARC-8) MARC (Unicode/UTF-8) MARC (Unicode/UTF-8, Standard) MODS (XML) RIS
  • More searches
    Search for this title in:
    Other Libraries (WorldCat) Other Databases (Google Scholar) Online Stores (Bookfinder.com) Open Library (openlibrary.org)

Exporting to Dublin Core...

SOUTHVILLE LIBRARY

Southville International School and Colleges Library

1281 Tropical Ave. Cor. Luxembourg St., BF Homes International, Las Pinas City

Tel. No. 8256374 / 252358 Loc. 117/146

Powered by Koha